Najmniej Religijne Państwa - Statystyki

Ogólne statystyki
  • Ten quiz został rozwiązany 1 393 razy
  • Średni wynik to 5 z 9
Statystyki odpowiedzi
% Wierzących Państwo % Poprawnych
7% Chiny
82%
13% Japonia
74%
23% Czechy
72%
19% Szwecja
66%
21% Norwegia
64%
16% Estonia
53%
26% Holandia
52%
30% Wielka Brytania
49%
30% Izrael
27%
Nie znaleziono quizów pasujących do podanych kryteriów
Rozkład punktacji
Procent ludzi z każdym wynikiem
Percentyl według liczby udzielonych odpowiedzi
Twoja historia wyników
Nie rozwiązałeś tego quizu